000 00355nam a2200145Ia 4500
008 230711s9999||||xx |||||||||||||| ||und||
041 _aENG
082 _a621
_bSH-T
100 _aShotbolt,C.R
245 0 _aTechnician manufacturing technology
250 _a1st
260 _c1983
_aBritain
_bElbs Britain
650 _aMechanical Engineering
942 _cBK
999 _c1119
_d1119